| 000 | 00713nam a2200229 u 4500 | ||
|---|---|---|---|
| 005 | 20250822063900.0 | ||
| 008 | 131003s2011 r 000 0 eng d | ||
| 020 | _a9788468301570 | ||
| 035 | _aUPN01000193458 | ||
| 049 | _aCG | ||
| 050 | 4 |
_aPQ6703 A4.4 _bC3.6 |
|
| 100 | 1 |
_aCalveiro, Marcos, _d1968- _934429 |
|
| 245 | 1 | 0 |
_aCentauros del norte / _cMarcos Calveiro ; tr. Pau Joan Hernández. |
| 260 |
_aBarcelona, Esp. : _bEdebé, _c2011. |
||
| 300 | _a136 p. | ||
| 440 | 0 |
_aPeriscopio ; _v13 |
|
| 534 |
_pTítulo original: _tCentauros do Norte |
||
| 650 | 4 |
_aNovela española _ySiglo XX _99779 |
|
| 651 | 4 |
_aMéxico _xHistoria _yRevolución, 1910-1917 _vNovela _918639 |
|
| 905 | _aLibro | ||
| 999 |
_c165559 _d165559 |
||